<?xml version="1.0" encoding="UTF-8"?>
<collection xmlns="http://www.loc.gov/MARC21/slim">
  <record>
    <leader>00000nam  2200000   4500</leader>
    <controlfield tag="001">INLIS000000000000455</controlfield>
    <controlfield tag="005">20180724135025</controlfield>
    <controlfield tag="008">180724|||||||||   |   |||   |||| ||   | </controlfield>
    <datafield tag="035" ind1=" " ind2=" ">
      <subfield code="0">010-0718000455</subfield>
    </datafield>
    <datafield tag="041" ind1=" " ind2=" ">
      <subfield code="a">id</subfield>
    </datafield>
    <datafield tag="082" ind1=" " ind2=" ">
      <subfield code="a">026</subfield>
    </datafield>
    <datafield tag="090" ind1=" " ind2=" ">
      <subfield code="a">R 026 PIM I 2013</subfield>
    </datafield>
    <datafield tag="100" ind1=" " ind2=" ">
      <subfield code="a">Tuarita,Gusmin</subfield>
    </datafield>
    <datafield tag="245" ind1=" " ind2=" ">
      <subfield code="a">Optimalisasi Penertiban Dan Pendayagunaan Tanah Terlantar Dalam Rangka Mewujudkan Terkendalinya Penguasaan Dan Pemilikan Tanah Untuk Keadilan Dan Kesejahteraan Rakyat</subfield>
    </datafield>
    <datafield tag="260" ind1=" " ind2=" ">
      <subfield code="a">Jakarta</subfield>
      <subfield code="b">Lembaga Administrasi Negara</subfield>
      <subfield code="c">2013</subfield>
    </datafield>
    <datafield tag="300" ind1=" " ind2=" ">
      <subfield code="a">64 hlm.;30 cm.</subfield>
    </datafield>
    <datafield tag="500" ind1=" " ind2=" ">
      <subfield code="a">Pengendalian pertanahan dilakukan untuk mewujudkan keadilan sosial sekaligus terkendalinya penguasaan, pemilikan, penggunaan, dan pemanfaatan tanah agar mampu memeberikan kesejahteraan bagi rakyat. Penertiban tanah terlantar merupakan salah satu upaya untuk mewujudkan kondisi tersebut. Tujuan dari penertiban tersebut agar tanah dapat dimanfaatkan seoptimal mungkin sehingga dapat meningkatkan kesejahteraan bagi pemiliknya dan dapat mempertahankan kelestarian lingkungan.</subfield>
    </datafield>
    <datafield tag="650" ind1=" " ind2=" ">
      <subfield code="a">Optimalisasi Penertiban Tanah -- Proyek Perubahan PIM1</subfield>
    </datafield>
  </record>
</collection>
